| 000 | 00354nam a2200133Ia 4500 | ||
|---|---|---|---|
| 008 | 150202s9999 xx 000 0 und d | ||
| 020 | _a373761376 | ||
| 050 |
_aFIC _bFIC |
||
| 100 | _aSmall, Lass. | ||
| 245 |
_aTeken by a Texan / _cLass Small. |
||
| 260 |
_aNew York : _bSilhouette Books, _c1998. |
||
| 300 |
_a184 pages : _c18 cm. |
||
| 650 | _aFiction. | ||
| 999 |
_c282413 _d282413 |
||